Boršovská šenkérka polka /

Hlavní autor: Procházka, Miloslav R., 1958-
Další autoři: Kopečný, Jaroslav
Jazyk: Čeština
Vydáno: Křižanovice u Bučovic : Michal Steranka, c1995
Edice: Dechová hudba (Steranka)
Témata:
Fyzický popis: 16 hlasů ; 15 x 20 cm
Hudebniny Hudebniny
Uloženo v:
LEADER 00914ncm a2200241 a 4500
001 000159080
003 CZ BrMZK
005 20180926124859.0
008 960101s1995 xr f cze d
040 |a BOA001  |b cze 
080 |a 788.085  |2 MRF 
100 1 |a Procházka, Miloslav R.,  |d 1958-  |7 jn20000810064  |4 cmp 
245 1 0 |a Boršovská šenkérka  |h [hudebnina] :  |b polka /  |c [hudba]: Miroslav R. Procházka, [text]: Jaroslav Kopečný 
260 |a Křižanovice u Bučovic :  |b Michal Steranka,  |c c1995 
300 |a 16 hlasů ;  |c 15 x 20 cm 
490 1 |a Dechová hudba ;  |v 35 
653 0 |a dechový orchestr  |a polky  |a písně s dechovým orchestrem 
700 1 |a Kopečný, Jaroslav  |4 lyr 
830 0 |a Dechová hudba (Steranka) 
910 |a BOA001  |b Mus1-1031.413 
964 |a Orchestr dechový  |x HUD 
990 |a MU 
996 6 |b 2610050157  |c Mus1-1031.413  |l MZK  |r Sklad / do 1 hodiny  |n 2  |p p.v.  |w 000159080  |u 000010  |a 1  |e BOA001  |j MZK50  |s P